[Event "Oberhausen- Eichlinghofen"]
[Site "?"]
[Date "2023.09.17"]
[Round "2.1"]
[White "Scholz, Christian"]
[Black "Puetter, Pascal"]
[Result "1-0"]
[WhiteElo "2260"]
[BlackElo "1991"]
[PlyCount "61"]
[SourceDate "2023.10.09"]

1. d4 d5 2. c4 e6 3. Nc3 Nf6 4. cxd5 exd5 5. Bg5 c6 6. Qc2 h6 7. Bh4 Be7 8. e3
O-O 9. Bd3 Re8 10. Nge2 Nbd7 11. O-O a5 12. f3 b5 13. Rad1 Ba6 14. h3 Qb6 15.
Bf5 Nf8 16. Bf2 g6 17. Bd3 Rac8 18. Qd2 Kg7 19. e4 dxe4 20. fxe4 c5 21. e5 N6d7
22. Nd5 Qd8 23. Nxe7 Rxe7 24. Bh4 g5 25. Bxg5 hxg5 26. Qxg5+ Ng6 27. Bxg6 fxg6
28. Rf6 Nxe5 29. Rxa6 Nc6 30. Nf4 Qe8 31. Nh5+ 1-0

[Event "Oberhausen- Eichlinghofen"]
[Site "?"]
[Date "2023.09.17"]
[Round "2.2"]
[White "Kyas, Jens"]
[Black "Watzlawek, Markus"]
[Result "1-0"]
[WhiteElo "1873"]
[BlackElo "2015"]
[PlyCount "35"]
[SourceDate "2023.10.09"]

1. d4 f5 2. h3 Nf6 3. g4 d5 4. c4 Nc6 5. Nc3 fxg4 6. hxg4 Bxg4 7. f3 Qd6 8.
fxg4 Qg3+ 9. Kd2 Nxg4 10. Nf3 Nf2 11. Qb3 Nxh1 12. Qxb7 Rb8 13. Qxc6+ Kd8 14.
Ne5 Qf4+ 15. Kc2 Qf5+ 16. e4 dxe4 17. Nd5 Rc8 18. Bh3 1-0

[Event "Oberhausen- Eichlinghofen"]
[Site "?"]
[Date "2023.09.17"]
[Round "2.3"]
[White "Brockmann, Michael"]
[Black "Heintze, Sven"]
[Result "1-0"]
[WhiteElo "2045"]
[BlackElo "1824"]
[PlyCount "57"]
[SourceDate "2023.10.09"]

1. d4 d5 2. Nf3 Nf6 3. c4 e6 4. Nc3 Be7 5. e3 O-O 6. Bd3 b6 7. O-O Bb7 8. Qe2
Nbd7 9. b3 Ne4 10. Bb2 f5 11. Nd2 Bd6 12. g3 a6 13. f3 Nxd2 14. Qxd2 Qg5 15.
Rae1 Rf6 16. Re2 Raf8 17. e4 Qxd2 18. Rxd2 fxe4 19. fxe4 Rxf1+ 20. Bxf1 dxe4
21. Bh3 Rf6 22. Re2 Ne5 23. dxe5 Bc5+ 24. Kg2 Rh6 25. Nxe4 g5 26. Bg4 Rg6 27.
Kf1 Be7 28. Nf6+ Kh8 29. Bxe6 1-0

[Event "Oberhausen- Eichlinghofen"]
[Site "?"]
[Date "2023.09.17"]
[Round "2.4"]
[White "Zimmer, Miguel"]
[Black "Schuette, Tobias"]
[Result "0-1"]
[WhiteElo "1742"]
[BlackElo "1988"]
[PlyCount "58"]
[SourceDate "2023.10.09"]

1. d4 Nf6 2. Nf3 c5 3. d5 d6 4. Nc3 g6 5. e4 Bg7 6. Bb5+ Bd7 7. a4 O-O 8. O-O
Na6 9. Re1 Nc7 10. Bf1 a6 11. a5 Bg4 12. h3 Bxf3 13. Qxf3 Nd7 14. Bg5 h6 15.
Be3 f5 16. exf5 Rxf5 17. Qd1 Kh7 18. g4 Rf7 19. Bg2 Nb5 20. Nxb5 axb5 21. c3
Rxa5 22. Qc2 Ne5 23. f4 Nc4 24. Rxa5 Nxe3 25. Rxe3 Qxa5 26. f5 Qa1+ 27. Bf1 Kg8
28. Kf2 gxf5 29. gxf5 Be5 0-1

[Event "Oberhausen- Eichlinghofen"]
[Site "?"]
[Date "2023.09.17"]
[Round "2.5"]
[White "Dreier, Daniel"]
[Black "Hortolani, Holger"]
[Result "0-1"]
[WhiteElo "1930"]
[BlackElo "2027"]
[PlyCount "94"]
[SourceDate "2023.10.09"]

1. e4 d6 2. f4 g6 3. Nf3 Bg7 4. Bc4 Nf6 5. Nc3 c6 6. e5 dxe5 7. fxe5 Nd5 8.
Nxd5 cxd5 9. Bb5+ Nc6 10. Qe2 O-O 11. c3 Bg4 12. d4 Bxf3 13. gxf3 f6 14. f4
fxe5 15. fxe5 Rf5 16. Bd3 Rh5 17. Bf4 Qb6 18. O-O-O Rf8 19. Rdf1 Rxf4 20. Rxf4
Bh6 21. Qg4 Nd8 22. Kb1 Bxf4 23. Qxf4 Ne6 24. Qf3 Kg7 25. Qxd5 Nf4 26. Qf3 Nxd3
27. Qxd3 Qe6 28. Rf1 Qd5 29. Qe3 Qg2 30. Qf3 Qxf3 31. Rxf3 Rxh2 32. e6 g5 33.
Rf7+ Kg6 34. Rxe7 g4 35. Re8 h5 36. Kc1 Kf6 37. d5 g3 38. Rf8+ Kg7 39. Rf7+ Kg8
40. Rf3 g2 41. Rg3+ Kf8 42. d6 Rh1+ 43. Kd2 g1=Q 44. Rf3+ Kg8 45. e7 Qd1+ 46.
Ke3 Re1+ 47. Kf4 Qxd6+ 0-1

[Event "Oberhausen- Eichlinghofen"]
[Site "?"]
[Date "2023.09.17"]
[Round "2.6"]
[White "Boecker, Juergen"]
[Black "Wloka, Sebastian"]
[Result "1/2-1/2"]
[WhiteElo "1796"]
[BlackElo "1913"]
[PlyCount "63"]
[SourceDate "2023.10.09"]

1. g4 d5 2. Bg2 c6 3. g5 e5 4. d4 e4 5. c4 Bd6 6. Nc3 Ne7 7. h4 Nd7 8. Nh3 f5
9. cxd5 Nxd5 10. Nxd5 cxd5 11. Nf4 Bxf4 12. Bxf4 Qb6 13. Qd2 Nb8 14. Bxb8 Rxb8
15. O-O O-O 16. e3 Bd7 17. f3 Bb5 18. Rfc1 exf3 19. Bxf3 Qd6 20. Qh2 f4 21. Rc3
Bc6 22. Rac1 Rf7 23. Bh5 g6 24. Bf3 Qf8 25. Qg2 Rd8 26. a3 fxe3 27. Rxe3 Rf4
28. Rf1 Kh8 29. h5 gxh5 30. Bxh5 Rxf1+ 31. Qxf1 Qg7 32. Qf6 1/2-1/2

[Event "Oberhausen- Eichlinghofen"]
[Site "?"]
[Date "2023.09.17"]
[Round "2.7"]
[White "Scholz, Benedict"]
[Black "Barutta, Larissa"]
[Result "1/2-1/2"]
[WhiteElo "1924"]
[BlackElo "1763"]
[PlyCount "83"]
[SourceDate "2023.10.09"]

1. e4 e6 2. d4 d5 3. Nd2 c5 4. exd5 exd5 5. Ngf3 Nc6 6. dxc5 Bxc5 7. Nb3 Bb6 8.
c3 Nf6 9. Be2 O-O 10. O-O Re8 11. h3 h6 12. Re1 Ne4 13. Nbd4 Qf6 14. Be3 Nxd4
15. Bxd4 Bxd4 16. Qxd4 Bd7 17. Bd3 Qf4 18. Bxe4 Rxe4 19. Qxd5 Bc6 20. Rxe4 Qxe4
21. Qxe4 Bxe4 22. Nd4 a6 23. f3 Bd5 24. Re1 Kf8 25. a3 Rc8 26. Kf2 f6 27. g4
Kf7 28. Nf5 Rc7 29. Nd6+ Kg6 30. h4 h5 31. Kg3 hxg4 32. fxg4 Rd7 33. Nf5 Kf7
34. h5 Bc6 35. Nd4 Bd5 36. Kf4 Bc4 37. Re3 Bd5 38. Rd3 Bc4 39. Rd2 Ba2 40. Rh2
Bb1 41. Rd2 Ba2 42. Rh2 1/2-1/2

[Event "Oberhausen- Eichlinghofen"]
[Site "?"]
[Date "2023.09.17"]
[Round "2.8"]
[White "Stratmann, Lars"]
[Black "Zachos, Ingo"]
[Result "1/2-1/2"]
[WhiteElo "1646"]
[BlackElo "2004"]
[PlyCount "91"]
[SourceDate "2023.10.09"]

1. d4 Nf6 2. c4 g6 3. Nf3 Bg7 4. g3 O-O 5. Bg2 d6 6. O-O c6 7. Nc3 Qa5 8. e4 e5
9. dxe5 dxe5 10. Qc2 Nbd7 11. a3 Qc7 12. b4 a5 13. Bb2 axb4 14. axb4 Rxa1 15.
Rxa1 Re8 16. Qb3 Nf8 17. Nd2 Ne6 18. Ne2 c5 19. bxc5 Nxc5 20. Qc2 Bd7 21. Nc3
Ne6 22. Nd5 Nxd5 23. exd5 Nc5 24. Re1 Bf5 25. Ne4 Rc8 26. Rc1 Bh6 27. d6 Bxe4
28. Bxe4 Qxd6 29. Rd1 Qc7 30. Bd5 Bg7 31. Qe2 h6 32. Qg4 Rd8 33. Ba3 b6 34.
Bxc5 bxc5 35. Rb1 Qd7 36. Qf3 Qe7 37. Rb7 Rd7 38. Rb8+ Kh7 39. h4 h5 40. Be4 f5
41. Bxf5 gxf5 42. Qxh5+ Bh6 43. Qxf5+ Kg7 44. Qg4+ Kf6 45. Qf3+ Kg7 46. Qg4+
1/2-1/2

[Event "Annen- FS Dortmund"]
[Site "?"]
[Date "2023.09.17"]
[Round "2.1"]
[White "Khess, Igor"]
[Black "Dahlbeck, Mirko"]
[Result "1-0"]
[WhiteElo "1978"]
[BlackElo "1997"]
[PlyCount "87"]
[SourceDate "2023.10.09"]

1. c4 c6 2. Nc3 d5 3. d4 Nf6 4. Bf4 e6 5. Nf3 Nbd7 6. c5 Nh5 7. Bg5 Be7 8. Bxe7
Qxe7 9. e4 b6 10. b4 a5 11. a3 axb4 12. axb4 Rxa1 13. Qxa1 e5 14. Qa8 O-O 15.
Qxc6 exd4 16. Nxd4 bxc5 17. bxc5 Nxc5 18. Be2 Nf4 19. O-O dxe4 20. Nd5 Nxd5 21.
Qxd5 Rd8 22. Nc6 Qd6 23. Qxd6 Rxd6 24. Ne7+ Kf8 25. Nxc8 Rd2 26. Rd1 Rxd1+ 27.
Bxd1 f6 28. Kf1 Kf7 29. Ke2 Ke6 30. Ke3 f5 31. h4 g6 32. Bc2 h6 33. Kd4 Nd7 34.
Bb3+ Kf6 35. Nd6 g5 36. h5 g4 37. Ba4 Nf8 38. Kd5 Kg5 39. Ke5 g3 40. fxg3 e3
41. Bd1 Nd7+ 42. Kd4 f4 43. Nf7+ Kf6 44. Nxh6 1-0

[Event "Annen- FS Dortmund"]
[Site "?"]
[Date "2023.09.17"]
[Round "2.2"]
[White "Mainka, Gregor"]
[Black "Alghawi, Abdullah"]
[Result "1-0"]
[WhiteElo "2094"]
[BlackElo "1889"]
[PlyCount "79"]
[SourceDate "2023.10.09"]

1. d4 Nf6 2. Nf3 g6 3. Bf4 Bg7 4. e3 O-O 5. h3 d6 6. Nbd2 Nbd7 7. Be2 b6 8. O-O
Bb7 9. a4 a6 10. c3 Ne4 11. Nxe4 Bxe4 12. Qb3 Nf6 13. Rfd1 Ra7 14. Rac1 Qa8 15.
Qa3 c5 16. a5 cxd4 17. axb6 Rb7 18. exd4 Rxb6 19. b4 Rc8 20. c4 Rcb8 21. Bd2
R6b7 22. Ra1 Ra7 23. Qe3 e5 24. d5 Bf5 25. Ra5 Bc8 26. Rda1 Nh5 27. b5 Nf4 28.
Bf1 Bh6 29. Qa3 Bf8 30. Be3 Be7 31. Bxa7 Qxa7 32. Qe3 Qd7 33. bxa6 Bd8 34. a7
Ra8 35. Rb5 Bc7 36. c5 Nxd5 37. Qe4 dxc5 38. Rd1 Nc3 39. Rxd7 Nxe4 40. Rxc7 1-0

[Event "Annen- FS Dortmund"]
[Site "?"]
[Date "2023.09.17"]
[Round "2.3"]
[White "Schulz, Oliver"]
[Black "Wicht, Juergen"]
[Result "1-0"]
[WhiteElo "1955"]
[BlackElo "2021"]
[PlyCount "85"]
[SourceDate "2023.10.09"]

1. d4 e6 2. c4 Bb4+ 3. Bd2 Bxd2+ 4. Qxd2 Nf6 5. Nc3 d5 6. e3 O-O 7. Nf3 b6 8.
Bd3 dxc4 9. Bxc4 Bb7 10. Rc1 c5 11. dxc5 Qxd2+ 12. Kxd2 bxc5 13. Ke2 Nbd7 14.
Rhd1 Nb6 15. Bb5 Rfd8 16. g3 Rxd1 17. Rxd1 Nfd5 18. Rc1 a6 19. Bd3 c4 20. Bb1
Rd8 21. Ng5 Nxc3+ 22. Rxc3 h6 23. Ne4 Bxe4 24. Bxe4 f5 25. Bc2 Kf7 26. Ra3 Ra8
27. Ra5 Nd5 28. Kd2 Rd8 29. Kc1 Rd6 30. Rc5 Nb6 31. a4 Rd8 32. Rc6 Rb8 33. a5
Nd5 34. Rxa6 c3 35. b3 Nb4 36. Rb6 Rxb6 37. axb6 Ke7 38. b7 Nc6 39. e4 g6 40.
Bd3 Kd6 41. Bb5 Nb8 42. exf5 gxf5 43. Kc2 1-0

[Event "Annen- FS Dortmund"]
[Site "?"]
[Date "2023.09.17"]
[Round "2.4"]
[White "Herrmann, Uwe"]
[Black "Brendemuehl, Bernd"]
[Result "1/2-1/2"]
[WhiteElo "1873"]
[BlackElo "1977"]
[PlyCount "87"]
[SourceDate "2023.10.09"]

1. d4 d5 2. Nf3 c5 3. c4 e6 4. Nc3 dxc4 5. e3 Nf6 6. Bxc4 Nbd7 7. O-O Be7 8.
Re1 O-O 9. e4 cxd4 10. Nxd4 Nb6 11. Bb3 Bc5 12. Be3 Ng4 13. Qxg4 Bxd4 14. e5
Bxe5 15. Bxb6 Bxh2+ 16. Kxh2 Qxb6 17. Kg1 Bd7 18. Rad1 Rad8 19. Qd4 Qa5 20. Re5
Qc7 21. Qd6 Qc8 22. Qe7 Rfe8 23. Qh4 Bc6 24. Ree1 b6 25. Ba4 Bxa4 26. Qxa4 Qb8
27. Rxd8 Rxd8 28. Rd1 Rxd1+ 29. Qxd1 h6 30. Qd4 Qc7 31. Qe4 Qd7 32. Qa8+ Kh7
33. Qe4+ Kg8 34. Qa8+ Kh7 35. Qe4+ Kg8 36. Qe3 b5 37. a3 a6 38. b4 Qd6 39. g3
f5 40. Ne2 e5 41. Nc3 Kf7 42. Qf3 Ke6 43. g4 g6 44. gxf5+ 1/2-1/2

[Event "Annen- FS Dortmund"]
[Site "?"]
[Date "2023.09.17"]
[Round "2.5"]
[White "Mewes, Karsten"]
[Black "Zadow, Ralf"]
[Result "1-0"]
[WhiteElo "1936"]
[BlackElo "1848"]
[PlyCount "111"]
[SourceDate "2023.10.09"]

1. Nf3 d6 2. d4 Nf6 3. c4 g6 4. Nc3 Bg7 5. e4 O-O 6. Be2 Na6 7. O-O c5 8. d5
Nc7 9. h3 Rb8 10. Bf4 a6 11. a4 b6 12. e5 Nfe8 13. Bd3 Bd7 14. Qd2 b5 15. axb5
axb5 16. b3 Rb6 17. Bh6 e6 18. Bxg7 Kxg7 19. Be4 Qb8 20. dxe6 Bxe6 21. Nd5 Nxd5
22. cxd5 Bd7 23. e6 fxe6 24. dxe6 Bxe6 25. Ra8 Qc7 26. Rfa1 Qe7 27. Qa5 Nc7 28.
Qxb6 Nxa8 29. Bxa8 Qf6 30. Ra7+ Rf7 31. Rxf7+ Bxf7 32. Qa7 Kh6 33. Qa2 c4 34.
bxc4 bxc4 35. Qd2+ Kg7 36. Nd4 Qe5 37. Bf3 h5 38. h4 Kf6 39. g3 Kg7 40. Kg2 Kf6
41. Qf4+ Qxf4 42. gxf4 Ke7 43. Be4 d5 44. Bc2 Kd6 45. Kf3 Kc5 46. Ke3 Kb4 47.
Kd2 Be8 48. f5 g5 49. hxg5 h4 50. g6 h3 51. Nf3 c3+ 52. Kc1 Kc5 53. f6 Kd6 54.
f7 Ke7 55. fxe8=Q+ Kxe8 56. Bf5 1-0

[Event "Annen- FS Dortmund"]
[Site "?"]
[Date "2023.09.17"]
[Round "2.6"]
[White "Al Ali, Mohammad"]
[Black "Grube, Joerg"]
[Result "1/2-1/2"]
[WhiteElo "1854"]
[BlackElo "1835"]
[PlyCount "66"]
[SourceDate "2023.10.09"]

1. Nf3 Nf6 2. e3 d5 3. c4 e6 4. Nc3 Be7 5. cxd5 exd5 6. Be2 O-O 7. O-O Nbd7 8.
d4 Re8 9. h3 c6 10. a3 Ne4 11. Nxe4 dxe4 12. Nd2 Bf6 13. f3 exf3 14. Nxf3 c5
15. Kh1 cxd4 16. exd4 Nb6 17. Ne5 Bxe5 18. dxe5 Qxd1 19. Rxd1 Bf5 20. Bf4 f6
21. Bb5 Rf8 22. Rd6 fxe5 23. Bxe5 Rad8 24. Rad1 Rxd6 25. Rxd6 Be4 26. Bd4 Rf5
27. Bxb6 Rxb5 28. Bxa7 Rxb2 29. Rd8+ Kf7 30. Rd7+ Kg6 31. Rxg7+ Kxg7 32. Bd4+
Kg6 33. Bxb2 h5 1/2-1/2

[Event "Annen- FS Dortmund"]
[Site "?"]
[Date "2023.09.17"]
[Round "2.7"]
[White "Schlaeger, Reiner"]
[Black "Hartung, Thomas"]
[Result "0-1"]
[WhiteElo "1596"]
[BlackElo "1840"]
[PlyCount "84"]
[SourceDate "2023.10.09"]

1. e4 e5 2. Nf3 Nc6 3. Bb5 a6 4. Ba4 Nf6 5. O-O Nxe4 6. Qe2 Nc5 7. Bxc6 dxc6 8.
Qxe5+ Ne6 9. d4 Be7 10. c3 O-O 11. Nbd2 Bd6 12. Qe2 Nf4 13. Qd1 Re8 14. Re1 Bg4
15. Ne4 Re6 16. Nxd6 Bxf3 17. Rxe6 Bxd1 18. Re8+ Qxe8 19. Nxe8 Ne2+ 20. Kf1
Nxc1 21. Rxc1 Bh5 22. Re1 Kf8 23. Re5 Bg6 24. Nxc7 Rc8 25. Nd5 cxd5 26. Rxd5
Re8 27. Re5 Rxe5 28. dxe5 Ke7 29. Ke2 Ke6 30. f4 Bb1 31. Ke3 Bxa2 32. Kd4 h5
33. g3 Bb3 34. h3 Bd1 35. Ke4 g6 36. Kd4 Bf3 37. Kc5 Bg2 38. h4 Bc6 39. c4 Bf3
40. b4 Be2 41. Kd4 Kf5 42. c5 Kg4 0-1

[Event "Annen- FS Dortmund"]
[Site "?"]
[Date "2023.09.17"]
[Round "2.8"]
[White "Koehler, Frank"]
[Black "Schulz- Runge, Michael"]
[Result "0-1"]
[WhiteElo "1759"]
[BlackElo "1737"]
[PlyCount "62"]
[SourceDate "2023.10.09"]

1. c4 c6 2. g3 d5 3. Nf3 Nf6 4. Bg2 g6 5. O-O Bg7 6. d3 O-O 7. Nc3 Re8 8. cxd5
cxd5 9. Qb3 Nc6 10. Bg5 Na5 11. Qc2 e5 12. Qd2 Nc6 13. Rac1 Qa5 14. b3 e4 15.
Ne1 Bf5 16. dxe4 dxe4 17. Na4 Qxd2 18. Bxd2 Nd4 19. Nc3 Bg4 20. f3 e3 21. Bxe3
Rxe3 22. fxg4 Rxc3 23. Rxc3 Nxe2+ 24. Kf2 Nxc3 25. Bxb7 Nxg4+ 26. Kg1 Rd8 27.
Bf3 Bd4+ 28. Kh1 Nf2+ 29. Kg2 Nfe4 30. Nc2 Bb6 31. a3 Rd2+ 0-1

[Event "Ahlen- Gerthe"]
[Site "?"]
[Date "2023.09.17"]
[Round "2.1"]
[White "Quast, Marcel"]
[Black "Steinle, Carsten"]
[Result "1-0"]
[WhiteElo "2163"]
[BlackElo "2006"]
[PlyCount "147"]
[SourceDate "2023.10.09"]

1. e4 e6 2. d4 d5 3. Nd2 dxe4 4. Nxe4 Nd7 5. Nf3 Ngf6 6. Bd3 b6 7. O-O Bb7 8.
Re1 Be7 9. Bf4 Nxe4 10. Bxe4 Bxe4 11. Rxe4 O-O 12. Ne5 Nxe5 13. Bxe5 Bf6 14.
Qd3 c5 15. dxc5 bxc5 16. Qc3 Rc8 17. Bxf6 Qxf6 18. Qxf6 gxf6 19. Rg4+ Kh8 20.
Ra4 Rc7 21. Rd1 Rb8 22. b3 Rb4 23. Ra5 Rd4 24. Rd3 e5 25. Kf1 Rcd7 26. Rxc5
Rxd3 27. cxd3 Kg7 28. Ke2 Kg6 29. Ra5 Rb7 30. Ke3 Rd7 31. b4 Rb7 32. a3 Rd7 33.
Ra6 h5 34. b5 h4 35. a4 Kg5 36. Rc6 Rd4 37. Rc4 Rd7 38. f4+ exf4+ 39. Rxf4 f5
40. Rd4 Re7+ 41. Kf3 Rc7 42. Rd8 Rc3 43. Rd7 f4 44. Rxf7 Rxd3+ 45. Ke2 Re3+ 46.
Kf2 a5 47. Ra7 h3 48. b6 hxg2 49. b7 Re2+ 50. Kxe2 g1=Q 51. Rxa5+ Kg4 52. h3+
Kh4 53. b8=Q Qe3+ 54. Kd1 Qd3+ 55. Kc1 Qc3+ 56. Kb1 Qe1+ 57. Kc2 Qxa5 58. Qxf4+
Kxh3 59. Qd4 Qa8 60. Kb3 Kg2 61. Qe5 Kf3 62. a5 Qb7+ 63. Kc4 Qc6+ 64. Kb4 Qb7+
65. Ka4 Qd7+ 66. Kb4 Qb7+ 67. Ka3 Qc6 68. Qd4 Ke2 69. Kb4 Qb7+ 70. Kc3 Ke1 71.
Qb4 Qc7+ 72. Kd3+ Kf1 73. Qb1+ Kf2 74. Qc2+ 1-0

[Event "Ahlen- Gerthe"]
[Site "?"]
[Date "2023.09.17"]
[Round "2.2"]
[White "Torres- Kuckel, Rafael"]
[Black "Brueggestraß, Volker"]
[Result "1/2-1/2"]
[WhiteElo "2125"]
[BlackElo "2037"]
[PlyCount "43"]
[SourceDate "2023.10.09"]

1. Nf3 Nf6 2. g3 g6 3. Bg2 d5 4. d4 Bg7 5. O-O O-O 6. c4 c6 7. cxd5 cxd5 8. Nc3
Ne4 9. Qb3 Nxc3 10. bxc3 Nc6 11. Nd2 e6 12. e4 Na5 13. Qc2 b6 14. Qd3 Bb7 15.
Ba3 Re8 16. Rfe1 Rc8 17. Nb3 Nc4 18. Bc1 dxe4 19. Bxe4 Bxe4 20. Qxe4 Qc7 21.
Qe2 Qc6 22. f4 1/2-1/2

[Event "Ahlen- Gerthe"]
[Site "?"]
[Date "2023.09.17"]
[Round "2.3"]
[White "Gottmann, Bernd"]
[Black "Woestmann, Ulrich"]
[Result "1/2-1/2"]
[WhiteElo "1970"]
[BlackElo "1939"]
[Annotator "daniel"]
[PlyCount "114"]
[SourceDate "2023.10.09"]

1. d4 Nf6 2. c4 g6 3. Nc3 d5 4. cxd5 Nxd5 5. g3 Bg7 6. Bg2 Nxc3 7. bxc3 O-O 8.
Nf3 c5 9. O-O cxd4 10. cxd4 Nc6 11. Be3 Be6 12. Rb1 Bxa2 13. Rxb7 Bd5 14. Rb5
e6 15. Qa4 Rc8 16. Rc1 Bxf3 17. exf3 Ne7 18. Rbc5 Rxc5 19. dxc5 Nd5 20. Bd4
Bxd4 21. Qxd4 Qc7 $11 22. f4 Rd8 23. Qa4 a5 24. c6 Nb4 25. Rc5 Rd6 26. Rxa5 Nd3
27. Ra8+ Kg7 28. Qa1+ Kh6 29. Qa5 Rxc6 30. Bxc6 Qxc6 31. Qa6 Qf3 32. Qa7 Nxf2
33. Qxf2 Qxa8 34. Qd4 Qf3 35. Qf6 Qd1+ 36. Kf2 Qd2+ 37. Kg1 Qe1+ 38. Kg2 Qe4+
39. Kg1 Qb1+ 40. Kg2 Qc2+ 41. Kg1 Qf5 42. Qd4 f6 43. Qd8 g5 44. fxg5+ Kxg5 45.
Qg8+ Kh5 46. Kg2 Qe4+ 47. Kh3 e5 48. Qe6 Kg5 49. Qg8+ Qg6 50. Qc4 e4 51. Kg2
Kh6 52. Qc1+ Qg5 53. Qd1 Qe5 54. Qc1+ Kg6 55. Qc4 Kg7 56. Qb3 Qd4 57. Qe6 Qd2+
1/2-1/2

[Event "Ahlen- Gerthe"]
[Site "?"]
[Date "2023.09.17"]
[Round "2.4"]
[White "Volesky, Alexander"]
[Black "Melmer, Felix"]
[Result "0-1"]
[WhiteElo "1999"]
[BlackElo "1899"]
[PlyCount "120"]
[SourceDate "2023.10.09"]

1. e4 c5 2. Nf3 Nc6 3. d4 cxd4 4. Nxd4 Nf6 5. Nc3 e5 6. Ndb5 d6 7. Bg5 a6 8.
Na3 b5 9. Nd5 Be7 10. Bxf6 Bxf6 11. c3 O-O 12. Nc2 Rb8 13. h4 g6 14. h5 Bg5 15.
Be2 Ne7 16. Nce3 Nxd5 17. Nxd5 f5 18. hxg6 hxg6 19. Qb3 Kg7 20. exf5 Bxf5 21.
Rd1 Be4 22. Qb4 Bxg2 23. Rg1 Bxd5 24. Rxd5 Qf6 25. Rg2 Rh8 26. Rxd6 Rh1+ 27.
Bf1 Qf5 28. Qg4 Rf8 29. Qxf5 Rxf5 30. Rxa6 e4 31. Ke2 Rd5 32. Rg4 Kh6 33. Rg3
Rd2+ 34. Ke1 e3 35. fxe3 Rxb2 36. Rh3+ Bh4+ 37. Rxh4+ Rxh4 38. Rd6 Rxa2 39. Rd2
Ra1+ 40. Kf2 Rc1 41. Rb2 Rh2+ 42. Bg2 Rxc3 43. Kg3 Rh5 44. Kf4 Rf5+ 45. Ke4 Kg5
46. Kd4 Rc4+ 47. Kd3 Rc7 48. Be4 Rd7+ 49. Ke2 Rc5 50. Rb1 Rd6 51. Bd3 Rb6 52.
Rg1+ Kh6 53. e4 b4 54. Ke3 Rc3 55. e5 b3 56. Kd4 Rc7 57. Kd5 Rd7+ 58. Kc5 Re6
59. Bc4 Rc7+ 60. Kd5 Rxe5+ 0-1

[Event "Ahlen- Gerthe"]
[Site "?"]
[Date "2023.09.17"]
[Round "2.6"]
[White "Starp, Klaus"]
[Black "Meise, Ulrich"]
[Result "1-0"]
[WhiteElo "1874"]
[BlackElo "1789"]
[PlyCount "57"]
[SourceDate "2023.10.09"]

1. e4 e5 2. Nf3 Nc6 3. Bb5 a6 4. Ba4 Nf6 5. O-O b5 6. Bb3 Be7 7. Re1 d6 8. c3
O-O 9. d4 Bb7 10. Nbd2 exd4 11. cxd4 Na5 12. Bc2 Nc4 13. Nxc4 bxc4 14. d5 c6
15. dxc6 Bxc6 16. Nd4 Bb7 17. Nf5 Re8 18. Bg5 Bf8 19. Qd4 Rc8 20. Nh6+ gxh6 21.
Bxf6 Be7 22. e5 Bxf6 23. exf6 Rc5 24. h4 Kh8 25. Qxd6 Rc6 26. Qxd8 Rxd8 27. Re7
Rb6 28. Rae1 Rg8 29. Rxf7 1-0

[Event "Ahlen- Gerthe"]
[Site "?"]
[Date "2023.09.17"]
[Round "2.7"]
[White "Loeffelbein, Klaus"]
[Black "Voelker, Andreas"]
[Result "0-1"]
[WhiteElo "1760"]
[BlackElo "1815"]
[PlyCount "108"]
[SourceDate "2023.10.09"]

1. d4 Nf6 2. Nf3 g6 3. g3 Bg7 4. Bg2 O-O 5. O-O d6 6. Nc3 c5 7. e4 cxd4 8. Nxd4
Bg4 9. Qd3 Nc6 10. Be3 Ne5 11. Qb5 Qc7 12. f3 a6 13. Qe2 Bd7 14. Bf2 Rac8 15.
Rac1 b5 16. Nd1 Nc4 17. b3 Nb6 18. Nb2 e5 19. Rfd1 exd4 20. Bxd4 Nh5 21. Bxg7
Kxg7 22. Qd3 Qc5+ 23. Kh1 Rc6 24. f4 Bg4 25. Rd2 Rd8 26. h3 Bc8 27. f5 Qe5 28.
fxg6 hxg6 29. c3 Nxg3+ 30. Kg1 Rh8 31. Qf3 Bxh3 32. Nd3 Qg5 33. Rf2 Be6 34. Nf4
Rc7 35. Qe3 Qh4 36. Rf3 Qh2+ 37. Kf2 Nxe4+ 38. Qxe4 Qh4+ 39. Ke3 Re7 40. Qd4+
f6 41. Kd2 Nc8 42. Re1 Qg5 43. Ree3 Rh4 44. Bf1 Kf7 45. Bd3 f5 46. c4 bxc4 47.
Bxc4 Bxc4 48. Qxc4+ Kg7 49. Ne6+ Rxe6 50. Qxe6 Rh2+ 51. Kd3 Qg2 52. Qd7+ Kh6
53. Qxc8 Qd2+ 54. Kc4 Rh4+ 0-1

[Event "Ahlen- Gerthe"]
[Site "?"]
[Date "2023.09.17"]
[Round "2.8"]
[White "Dreesbach, Harald"]
[Black "Al Zoubi, Ahmad"]
[Result "1/2-1/2"]
[WhiteElo "1786"]
[BlackElo "1636"]
[PlyCount "50"]
[SourceDate "2023.10.09"]

1. d4 Nf6 2. Nf3 c5 3. e3 e6 4. Bd3 d5 5. c3 c4 6. Bc2 Bd6 7. Nbd2 Bd7 8. Qe2
Bc6 9. e4 dxe4 10. Nxe4 Nxe4 11. Bxe4 Bxe4 12. Qxe4 O-O 13. O-O Qd7 14. Ng5 g6
15. Qh4 f6 16. Nf3 Nc6 17. Re1 Rae8 18. Bd2 Ne7 19. Qh3 Nd5 20. Re2 Bf4 21. g3
Bxd2 22. Nxd2 Qc6 23. Rae1 Nc7 24. Ne4 b6 25. Qg2 Nd5 1/2-1/2

[Event "Dorsten- OSV 2"]
[Site "?"]
[Date "2023.09.17"]
[Round "2.1"]
[White "Joergens, Markus"]
[Black "Hermanowski, Mark"]
[Result "0-1"]
[WhiteElo "2011"]
[BlackElo "1906"]
[PlyCount "42"]
[SourceDate "2023.10.09"]

1. d4 e6 2. c4 b6 3. a3 Bb7 4. Nc3 f5 5. d5 e5 6. e4 Qf6 7. exf5 Qxf5 8. Bd3
Qf7 9. Nf3 Qe7 10. O-O d6 11. Ng5 Nf6 12. f4 Na6 13. Ne6 Bc8 14. fxe5 dxe5 15.
Re1 Bxe6 16. Qa4+ Bd7 17. Qxa6 Ng4 18. h3 Qh4 19. Bf4 Qf2+ 20. Kh1 Qxf4 21.
hxg4 Bc5 0-1

[Event "Dorsten- OSV 2"]
[Site "?"]
[Date "2023.09.17"]
[Round "2.2"]
[White "Czubak, Michael"]
[Black "Seibert, Michael"]
[Result "0-1"]
[WhiteElo "1869"]
[BlackElo "1925"]
[PlyCount "98"]
[SourceDate "2023.10.09"]

1. Nf3 c5 2. g3 Nc6 3. Bg2 d5 4. O-O Nf6 5. d4 cxd4 6. Nxd4 e5 7. Nxc6 bxc6 8.
c4 Be7 9. cxd5 cxd5 10. Nc3 Be6 11. Qa4+ Bd7 12. Qa6 Be6 13. Rd1 O-O 14. Bg5 d4
15. Bxf6 Bxf6 16. Ne4 Be7 17. Rac1 Qb6 18. Qxb6 axb6 19. a3 Rac8 20. h4 f5 21.
Ng5 Bb3 22. Rxc8 Rxc8 23. Rd3 Rc1+ 24. Kh2 Bc4 25. Rd2 Bxg5 26. hxg5 Re1 27.
Rc2 b5 28. Rxc4 bxc4 29. Bd5+ Kf8 30. Bxc4 Ra1 31. f3 Ke7 32. Kg2 Kd6 33. Kf2
e4 34. g4 fxg4 35. fxe4 Ke5 36. Kg3 Kxe4 37. Bd3+ Ke3 38. Kxg4 g6 39. b4 Rxa3
40. b5 Rb3 41. Kg3 Rc3 42. Kg4 Rc1 43. b6 Rc6 44. b7 Rb6 45. Ba6 Ke4 46. Bd3+
Ke5 47. Ba6 Rb3 48. Kh4 Kf4 49. e4 dxe3 0-1

[Event "Dorsten- OSV 2"]
[Site "?"]
[Date "2023.09.17"]
[Round "2.3"]
[White "Stefaniak, Christian"]
[Black "Tig, Achmet"]
[Result "0-1"]
[WhiteElo "1904"]
[BlackElo "1945"]
[PlyCount "80"]
[SourceDate "2023.10.09"]

1. e4 c5 2. Nf3 d6 3. c3 d5 4. exd5 Qxd5 5. d4 Nf6 6. Be2 e6 7. O-O Nc6 8. Be3
cxd4 9. Nxd4 Nxd4 10. Bxd4 Be7 11. Bf3 Qd8 12. Qb3 O-O 13. Na3 Qc7 14. Rfe1 Nd7
15. Rad1 a6 16. Nc4 Bc5 17. Bxc5 Nxc5 18. Qb6 Qe7 19. Qd6 Qxd6 20. Rxd6 Na4 21.
Rc1 Rb8 22. b3 Nc5 23. Nb6 e5 24. Rcd1 e4 25. Be2 g6 26. b4 Ne6 27. Bc4 Nf4 28.
h3 Bf5 29. Kh2 h5 30. Kg3 g5 31. h4 Nd3 32. Nd5 Kg7 33. Ne3 gxh4+ 34. Kxh4 Bg6
35. f3 Rfe8 36. Nd5 Nb2 37. Rd4 Nxc4 38. Rxc4 e3 39. Nf4 e2 40. Kg5 Re5+ 0-1

[Event "Dorsten- OSV 2"]
[Site "?"]
[Date "2023.09.17"]
[Round "2.4"]
[White "Heinrichs, Maximilian"]
[Black "Groß, Thomas"]
[Result "1-0"]
[WhiteElo "1823"]
[BlackElo "1903"]
[Annotator "daniel"]
[PlyCount "57"]
[SourceDate "2023.10.09"]

1. d4 d5 2. c4 c6 3. Nf3 Nf6 4. g3 Bf5 5. Bg2 e6 6. O-O Bd6 7. b3 O-O 8. Nh4
Bg4 9. Nc3 Qe7 10. h3 Bh5 11. Qc2 Nbd7 12. e4 dxe4 13. Nxe4 Nxe4 14. Bxe4 Nf6
15. Bd3 Rfd8 16. Bb2 Ba3 17. Bc3 a5 18. Be2 Bxe2 19. Qxe2 Rd7 20. Nf3 a4 21.
Ne5 Rc7 22. Nd3 $11 b5 23. Rab1 Rca7 24. Ne5 Qc7 $11 25. b4 Nd7 26. Nxd7 Qxd7
27. Qe3 c5 28. dxc5 Rd8 29. c6 1-0